000 00504pab a2200169 454500
008 180718b2013 xxu||||| |||| 00| 0 eng d
100 _aKelly, Josie
245 _aMaster and apprentice or difference and complementarity? Local government practitioners, doctoral studies and co-produced research
260 _c2013
300 _ap.235-252.
362 _aApr
650 _aLocal government
700 _aLloyd-Williams, Philip
773 _aLocal Government Studies
908 _aN
909 _a99725
999 _c99724
_d99724